000 02738nam a22003737a 4500
999 _c21751
_d21751
003 AR-CdUCM
008 190425b ||||| |||| 00| 0 spa d
040 _aMUNICIPALIDAD PROVINCIAL DEL CUSCO
_cBIBLIOTECA MUNICIPAL DEL CUSCO
082 _aRev.Univ/N°97/1949
_bRev.Univ/N°97/1949
110 _aUniversidad Nacional de San Antonio Abad del Cusco
_915942
245 _aRevista Universitaria :
_bÓrgano de la Universidad del Cuzco /
260 _aCusco :
_bH.G. Rozas,
_c1949.
300 _a452 páginas. :
_c20 cm.
440 _aRevista Universitaria
_nAño XXXVIII, 2° semestre 1949, N°97.
_945963
505 _aContenido: Exposición de motivos del proyecto de ley sobre acumulación facultativa y juicio en contumacia. Francisco Ponce de León. -- Existencialismo filosófico. César Guardia Mayorga. -- ¿Es el socialismo de estado de los incas un precedente de los gobiernos totalitarios?. Julio C. Guerrero. -- Alimentación proteica en el Cuzco. Jorge Kuon Cabello. -- Chinchero un pueblo andino del Sur. Oscar Núñez del Prado. -- Un crimen en la casa de Bitoque. Ángel Carreño. -- Principios de la metodología pedagógica. Wilbert Salas Rodríguez. -- La compañía de Jesús en el Cuzco. Horacio Villanueva Urteaga. -- El inventario del Ccoricancha. Jorge Cornejo Bouroncle. -- Las cartas a Dios. Efraín Morote Best. -- Bolívar. Rafael Aguilar. -- Motivos argentinos peruanos poemas. Rafael Aguilar. -- Cuzco entrañable poemas. Rafael Aguilar. -- Algunas consideraciones sobre cocaismo. Octavio Sandoval. -- La thiosemicarbacida como reactivo de los selenitos y seleniatos. Oswaldo Baca Mendoza. -- Aloys Müller filosofo Alemán cumple setenta años. Marta Strasberger. -- Cesar Vallejo. Luis Eduardo Enríquez. -- Que despierte el leñador de Pablo Neruda. Eustaquio Kallata. -- Informe de la Junta Reorganizadora de la Universidad Nacional del Cuzco presento al señor Ministro de Estado en el despacho de educación pública. Crónica Universitaria. -- Necrología Julian Santisteban Ochoa.
650 _aFilosofía
_9395
650 _aChinchero
_930431
650 _aQorikancha
_930993
650 _aSimón Bolívar
_91694
650 _aCesar Vallejo
_945964
650 _aPablo Neruda
_945965
650 _aCompañía de Jesús
_915260
650 _aAlimentación
_919429
700 _aCornejo Bouroncle, Jorge
_915278
700 _aMorote Best, Efraín
_945956
700 _aPonce de León, Francisco
_929819
700 _aNúñez del Prado, Oscar
_95531
700 _aCarreño, Ángel
_927901
700 _aVillanueva Urteaga, Horacio
_95790
700 _aAguilar, Rafael
_917799
710 _aUniversidad Nacional de San Antonio Abad del Cusco
_915942
942 _2ddc
_cPP
945 _arac